[Event "XXIX CIUTAT DE CULLERA - VI Magistral"]
[Site "Cullera"]
[Date "2012.08.28"]
[Round "5"]
[White "Ivanov, Jordan"]
[Black "Iagar, Razvan-Gabriel"]
[Result "1/2-1/2"]
[WhiteElo "2359"]
[BlackElo "2152"]
[PlyCount "61"]
[EventDate "2012.08.25"]
[EventRounds "9"]
[EventCountry "ESP"]

1. c4 Nf6 2. Nc3 d5 3. cxd5 Nxd5 4. Qa4+ c6 5. Nxd5 Qxd5 6. e4 Qd6 7. d4 e5 8.
dxe5 Qxe5 9. Nf3 Qc7 10. Bd2 Nd7 11. Qc2 Bd6 12. Bc4 Ne5 13. Nxe5 Bxe5 14. Bc3
O-O 15. Bxe5 Qxe5 16. O-O Be6 17. Rad1 Bxc4 18. Qxc4 Rad8 19. b4 h6 20. a4 Rfe8
21. f4 Qh5 22. Rd4 a5 23. e5 axb4 24. Qxb4 Rxd4 25. Qxd4 Qf5 26. Rd1 Ra8 27.
Rc1 Kh7 28. h3 h5 29. Rc3 b5 30. axb5 cxb5 31. Qd3 1/2-1/2

[Event "XXIX CIUTAT DE CULLERA - VI Magistral"]
[Site "Cullera"]
[Date "2012.08.29"]
[Round "6"]
[White "Montoliu Cervero, Francisco"]
[Black "Iagar, Razvan-Gabriel"]
[Result "1-0"]
[WhiteElo "2270"]
[BlackElo "2152"]
[PlyCount "101"]
[EventDate "2012.08.25"]
[EventRounds "9"]
[EventCountry "ESP"]

1. e4 e6 2. d4 d5 3. e5 c5 4. c3 Nc6 5. Nf3 Bd7 6. Be2 f6 7. O-O fxe5 8. Nxe5
Nxe5 9. dxe5 Qc7 10. Re1 O-O-O 11. Bd3 g6 12. Qe2 Nh6 13. Bg5 Re8 14. Bf6 Rg8
15. Nd2 Bg7 16. Bxg7 Rxg7 17. b4 c4 18. Bc2 Nf7 19. Nf3 g5 20. Nd4 g4 21. Qe3
Kb8 22. Kh1 h5 23. f4 gxf3 24. gxf3 Reg8 25. f4 Nh6 26. Rg1 Ng4 27. Qe1 Qd8 28.
h3 Nh6 29. Qf2 Qe7 30. Rxg7 Rxg7 31. Rg1 Rxg1+ 32. Kxg1 Qf7 33. Qh4 Kc7 34. Qg5
Nf5 35. Bxf5 exf5 36. Kf2 a6 37. Kg3 Qe8 38. Kh4 Bc8 39. Qxh5 Qa4 40. Qe2 Qe8
41. Kg3 Qg6+ 42. Kh2 Qh6 43. Qf2 Qh5 44. Qf3 Qh4 45. Qg3 Qh5 46. Nf3 Qe8 47.
Qf2 b6 48. Nd4 Qh5 49. Qf3 Qh4 50. Qg3 Qh5 51. Qg7+ 1-0

[Event "XXIX CIUTAT DE CULLERA - VI Magistral"]
[Site "Cullera"]
[Date "2012.08.29"]
[Round "6"]
[White "Garcia, Jhoel"]
[Black "Ivanov, Jordan"]
[Result "1/2-1/2"]
[WhiteElo "2365"]
[BlackElo "2359"]
[PlyCount "35"]
[EventDate "2012.08.25"]
[EventRounds "9"]
[EventCountry "ESP"]

1. c4 g6 2. Nf3 Bg7 3. g3 d6 4. Bg2 e5 5. Nc3 Nf6 6. d4 Nbd7 7. O-O O-O 8. e4
c6 9. h3 Qa5 10. Re1 exd4 11. Nxd4 Ne5 12. Bf1 Re8 13. Nb3 Qb4 14. a3 Qb6 15.
Be3 c5 16. f4 Nc6 17. Bf2 Be6 18. Nd5 1/2-1/2

[Event "XXIX CIUTAT DE CULLERA - VI Magistral"]
[Site "Cullera"]
[Date "2012.08.29"]
[Round "6"]
[White "Kovacevic, Slobodan"]
[Black "Camarena Gimenez, Rufino"]
[Result "1/2-1/2"]
[WhiteElo "2300"]
[BlackElo "2396"]
[PlyCount "60"]
[EventDate "2012.08.25"]
[EventRounds "9"]
[EventCountry "ESP"]

1. d4 Nf6 2. Nf3 e6 3. Bf4 c5 4. e3 Qb6 5. Qc1 Nh5 6. Bg3 Nxg3 7. hxg3 Nc6 8.
c3 d5 9. Qc2 h6 10. Nbd2 Bd7 11. Nb3 c4 12. Nbd2 Qd8 13. e4 Bd6 14. Be2 a6 15.
Nf1 b5 16. Ne3 dxe4 17. Qxe4 O-O 18. g4 f6 19. Bd1 Ne7 20. Be2 f5 21. gxf5 exf5
22. Qh4 Qc7 23. Qh5 Rae8 24. Kf1 Qc8 25. Nh4 Be6 26. Ng6 Nxg6 27. Qxg6 Rf6 28.
Qh5 Ref8 29. Re1 Kh8 30. Qf3 Qa8 1/2-1/2

[Event "XXIX CIUTAT DE CULLERA - VI Magistral"]
[Site "Cullera"]
[Date "2012.08.29"]
[Round "6"]
[White "Navarro, Ortiz De Orruno Borj"]
[Black "Navarrete Espi, Samuel"]
[Result "1-0"]
[WhiteElo "2358"]
[BlackElo "2176"]
[PlyCount "101"]
[EventDate "2012.08.25"]
[EventRounds "9"]
[EventCountry "ESP"]

1. d4 Nf6 2. c4 g6 3. Nf3 Bg7 4. g3 O-O 5. Bg2 c6 6. O-O d6 7. Nc3 Qb6 8. h3
Qa6 9. Qa4 Qxa4 10. Nxa4 b5 11. cxb5 cxb5 12. Nh2 Bxh3 13. Bxa8 Bxf1 14. Nc3
Bh3 15. Nxb5 Bd7 16. Nxa7 Na6 17. Bc6 Nb4 18. Bxd7 Nxd7 19. e3 Ra8 20. Bd2 Nc2
21. Rc1 Rxa7 22. Rxc2 Rxa2 23. Rc8+ Nf8 24. Bc3 Bf6 25. e4 e6 26. Ng4 Bg7 27.
e5 h5 28. Nf6+ Bxf6 29. exf6 Ra6 30. Bb4 Rb6 31. Ba3 g5 32. Rd8 Kh7 33. Rxf8
Kg6 34. Rd8 d5 35. Be7 Rxb2 36. Rg8+ Kf5 37. Rg7 e5 38. Rxf7 exd4 39. Rg7 Ke6
40. Kf1 d3 41. Ke1 h4 42. Rxg5 h3 43. Rh5 Re2+ 44. Kd1 Rxf2 45. Rxh3 d4 46. Rh4
Kd5 47. Rf4 Ra2 48. f7 Kc4 49. f8=Q Ra1+ 50. Kd2 Ra2+ 51. Kc1 1-0

[Event "XXIX CIUTAT DE CULLERA - VI Magistral"]
[Site "Cullera"]
[Date "2012.08.29"]
[Round "6"]
[White "Alcaraz Ortega, Javier"]
[Black "Cruz Lledo, Pablo"]
[Result "1-0"]
[WhiteElo "2331"]
[BlackElo "2303"]
[PlyCount "93"]
[EventDate "2012.08.25"]
[EventRounds "9"]
[EventCountry "ESP"]

1. d4 d5 2. Bf4 Nf6 3. e3 g6 4. h3 Bg7 5. Nd2 O-O 6. c3 c5 7. dxc5 Nc6 8. Ngf3
Re8 9. Bb5 Nd7 10. Nb3 a6 11. Be2 e6 12. Bd6 Nf6 13. Nbd2 b6 14. b4 Bb7 15. O-O
e5 16. Rb1 Re6 17. c4 e4 18. Nd4 Re8 19. Nxc6 Bxc6 20. Nb3 Qd7 21. Nd4 Bb7 22.
Qb3 dxc4 23. Bxc4 b5 24. Be2 Bd5 25. Qc2 g5 26. Rfd1 h5 27. Bh2 Rec8 28. Rbc1
Bf8 29. Be5 Qe7 30. Bxf6 Qxf6 31. Bxh5 a5 32. Nxb5 Be6 33. Qxe4 axb4 34. Qxb4
Rxa2 35. Bf3 g4 36. hxg4 Rb8 37. Qd4 Qh4 38. g3 Qh3 39. Bg2 Qxg4 40. Nc3 Ra5
41. Nd5 Bg7 42. Nf6+ Bxf6 43. Qxf6 Rxc5 44. Rd8+ Kh7 45. Qh8+ Kg6 46. Rxc5 Rb1+
47. Kh2 1-0

[Event "XXIX CIUTAT DE CULLERA - VI Magistral"]
[Site "Cullera"]
[Date "2012.08.29"]
[Round "7"]
[White "Cruz Lledo, Pablo"]
[Black "Montoliu Cervero, Francisco"]
[Result "1/2-1/2"]
[WhiteElo "2303"]
[BlackElo "2270"]
[PlyCount "103"]
[EventDate "2012.08.25"]
[EventRounds "9"]
[EventCountry "ESP"]

1. d4 d5 2. c4 c6 3. Nf3 Nf6 4. Nc3 a6 5. c5 b6 6. cxb6 Qxb6 7. Na4 Qc7 8. g3
e6 9. Bf4 Qa5+ 10. Bd2 Qc7 11. Ne5 Nbd7 12. Bg2 Nxe5 13. dxe5 Ng4 14. f4 Qa7
15. Qc1 Qf2+ 16. Kd1 Bb7 17. Bf3 Qd4 18. Bxg4 Qxa4+ 19. b3 Qb5 20. e3 c5 21.
Be2 Qb6 22. Ke1 Be7 23. Kf2 f6 24. exf6 Bxf6 25. Rb1 O-O 26. Bf3 Kh8 27. Re1 e5
28. Kg1 e4 29. Bg2 Rfe8 30. g4 h6 31. b4 c4 32. Bc3 d4 33. Bxd4 Bxd4 34. exd4
Qxd4+ 35. Qe3 Qf6 36. Rbc1 Rac8 37. g5 Qc6 38. Rc3 Rcd8 39. Bf1 Qd6 40. Rxc4
Rf8 41. gxh6 gxh6 42. Qc3+ Qf6 43. Qe5 Qxe5 44. fxe5 e3 45. Rg4 Rg8 46. h3 Bf3
47. Bc4 Bxg4 48. Bxg8 Rxg8 49. hxg4 Rxg4+ 50. Kf1 Rxb4 51. Rxe3 Kg7 52. Ra3
1/2-1/2

[Event "XXIX CIUTAT DE CULLERA - VI Magistral"]
[Site "Cullera"]
[Date "2012.08.29"]
[Round "7"]
[White "Navarrete Espi, Samuel"]
[Black "Alcaraz Ortega, Javier"]
[Result "0-1"]
[WhiteElo "2176"]
[BlackElo "2331"]
[PlyCount "70"]
[EventDate "2012.08.25"]
[EventRounds "9"]
[EventCountry "ESP"]

1. e4 d5 2. exd5 Qxd5 3. Nc3 Qa5 4. d4 Nf6 5. Bd2 Qb6 6. Nf3 Bg4 7. Bc4 Nbd7 8.
Be3 Qxb2 9. Bd2 Bxf3 10. gxf3 Qb6 11. Rb1 Qxd4 12. Qe2 Nb6 13. Nb5 Qxc4 14.
Qxc4 Nxc4 15. Nxc7+ Kd7 16. Nxa8 Kc6 17. Rb4 Nxd2 18. Kxd2 e5 19. Rc4+ Bc5 20.
Rg1 g6 21. f4 Rxa8 22. fxe5 Nd7 23. Re1 Kd5 24. Rce4 Bxf2 25. R1e2 Bd4 26. e6
Nf6 27. Rf4 fxe6 28. c4+ Kxc4 29. Rxe6 Kd5 30. Rexf6 Bxf6 31. Rxf6 Rd8 32. Kc3
Rd7 33. Rf4 Ke5 34. Rc4 g5 35. h4 h6 0-1

[Event "XXIX CIUTAT DE CULLERA - VI Magistral"]
[Site "Cullera"]
[Date "2012.08.29"]
[Round "7"]
[White "Camarena Gimenez, Rufino"]
[Black "Navarro, Ortiz De Orruno Borj"]
[Result "1-0"]
[WhiteElo "2396"]
[BlackElo "2358"]
[PlyCount "95"]
[EventDate "2012.08.25"]
[EventRounds "9"]
[EventCountry "ESP"]

1. d4 d5 2. c4 c6 3. Nf3 Nf6 4. Qc2 dxc4 5. Qxc4 Bf5 6. g3 e6 7. Bg2 Nbd7 8.
O-O Qb6 9. Nc3 Qb4 10. Nd2 Nb6 11. Qxb4 Bxb4 12. e4 Bg6 13. Re1 O-O-O 14. Nb3
Na4 15. Re3 Bxc3 16. bxc3 Ng4 17. Re1 Nxc3 18. f3 Nf6 19. a4 b5 20. axb5 Nxb5
21. Be3 Kd7 22. Bf1 Ra8 23. Rec1 Rhc8 24. Na5 Nd6 25. Ba6 Rc7 26. e5 Nf5 27.
exf6 Nxe3 28. fxg7 Nc2 29. Ra4 Rg8 30. Rc4 Rxg7 31. Bb7 Ne3 32. Bxc6+ Ke7 33.
Rc5 f6 34. Ba4 Kd6 35. Kf2 Nd5 36. Rc6+ Rxc6 37. Rxc6+ Ke7 38. Ra6 Nb6 39.
Rxa7+ Kf8 40. Rxg7 Kxg7 41. Bb3 Kf7 42. Nc6 Nd5 43. Bxd5 exd5 44. Ke3 Ke6 45.
Nb4 Bb1 46. Nd3 Kf5 47. Nf4 Ba2 48. h4 1-0

[Event "XXIX CIUTAT DE CULLERA - VI Magistral"]
[Site "Cullera"]
[Date "2012.08.29"]
[Round "7"]
[White "Ivanov, Jordan"]
[Black "Kovacevic, Slobodan"]
[Result "1/2-1/2"]
[WhiteElo "2359"]
[BlackElo "2300"]
[PlyCount "48"]
[EventDate "2012.08.25"]
[EventRounds "9"]
[EventCountry "ESP"]

1. Nf3 d5 2. c4 d4 3. e3 c5 4. exd4 cxd4 5. d3 Nc6 6. g3 g6 7. Bg2 Bg7 8. O-O
Nf6 9. Re1 Nd7 10. a3 a5 11. Nbd2 O-O 12. Rb1 a4 13. b4 axb3 14. Nxb3 h6 15. c5
Kh7 16. Qc2 Qc7 17. Nfd2 Nde5 18. h3 Bf5 19. Ne4 Bxh3 20. Bxh3 Nf3+ 21. Kf1
Nxe1 22. Kxe1 f5 23. Ned2 e5 24. Nc4 Qe7 1/2-1/2

[Event "XXIX CIUTAT DE CULLERA - VI Magistral"]
[Site "Cullera"]
[Date "2012.08.29"]
[Round "7"]
[White "Iagar, Razvan-Gabriel"]
[Black "Garcia, Jhoel"]
[Result "1/2-1/2"]
[WhiteElo "2152"]
[BlackElo "2365"]
[PlyCount "109"]
[EventDate "2012.08.25"]
[EventRounds "9"]
[EventCountry "ESP"]

1. d4 d5 2. c4 e6 3. Nf3 c5 4. cxd5 exd5 5. Nc3 Nf6 6. g3 c4 7. Bg2 Be7 8. O-O
O-O 9. Ne5 Nc6 10. Bg5 Be6 11. Rc1 Rc8 12. Bxf6 Bxf6 13. Nxc6 Rxc6 14. b3 Qa5
15. Na4 b5 16. Nc5 Qxa2 17. bxc4 Rxc5 18. dxc5 dxc4 19. Qc2 Qa3 20. c6 b4 21.
Be4 g6 22. Rfd1 b3 23. Qd2 Qc5 24. Qd6 Qxd6 25. Rxd6 Rc8 26. Rxe6 fxe6 27. Rxc4
b2 28. Rb4 a5 29. Rb7 Bc3 30. Rb3 Be5 31. Rb5 Bc3 32. Rb3 Bd4 33. Kg2 Kf8 34.
e3 Bf6 35. Rb7 h6 36. h4 g5 37. hxg5 hxg5 38. Kf3 a4 39. c7 Be5 40. Ra7 Rxc7
41. Rxa4 Rb7 42. Bb1 Ke7 43. Ra5 Bf6 44. Ke4 Kd7 45. Kd3 Rb3+ 46. Ke4 Rb6 47.
Ra4 Kc7 48. g4 Kc6 49. f4 Kb5 50. Ra8 Kb4 51. Rf8 Be7 52. Re8 Bf6 53. Rf8 Be7
54. Re8 Bf6 55. Rf8 1/2-1/2

[Event "XXIX CIUTAT DE CULLERA - VI Magistral"]
[Site "Cullera"]
[Date "2012.08.30"]
[Round "8"]
[White "Kovacevic, Slobodan"]
[Black "Iagar, Razvan-Gabriel"]
[Result "1/2-1/2"]
[WhiteElo "2300"]
[BlackElo "2152"]
[PlyCount "113"]
[EventDate "2012.08.25"]
[EventRounds "9"]
[EventCountry "ESP"]

1. d4 d5 2. Bf4 Nf6 3. e3 g6 4. h3 Bg7 5. c3 O-O 6. Nd2 b6 7. b4 Nfd7 8. Ngf3
Bb7 9. Qb3 Re8 10. Bg5 h6 11. Bf4 e5 12. dxe5 Nxe5 13. Nxe5 Bxe5 14. Bxe5 Rxe5
15. Nf3 Re8 16. Be2 Nd7 17. O-O Nf6 18. Rfd1 Qe7 19. b5 a6 20. a4 axb5 21. axb5
Ne4 22. Nd4 Qh4 23. g3 Nxg3 24. Bf3 Ne4 25. Qc2 Qxh3 26. Bg2 Qh4 27. Nf3 Qe7
28. Nd4 Qc5 29. Rdc1 Rxa1 30. Rxa1 Nxc3 31. Rc1 Ne4 32. Bxe4 dxe4 33. Qxc5 bxc5
34. Rxc5 Re7 35. Nb3 Rd7 36. Rc1 Rd5 37. Nd4 Rd7 38. Nb3 Rd5 39. Nd4 Rd7 40.
Nb3 Re7 41. Nc5 Bc8 42. Na6 Bxa6 43. bxa6 c6 44. Rxc6 Ra7 45. Kg2 h5 46. Kg3 g5
47. Rb6 Kg7 48. Kg2 Ra8 49. Kh2 Ra7 50. Kh3 Rc7 51. Rb5 Kg6 52. Rb6+ f6 53. Rb4
Ra7 54. Rb6 Rc7 55. Rb4 Ra7 56. Rb6 Rc7 57. Rb4 1/2-1/2

[Event "XXIX CIUTAT DE CULLERA - VI Magistral"]
[Site "Cullera"]
[Date "2012.08.30"]
[Round "8"]
[White "Navarro, Ortiz De Orruno Borj"]
[Black "Ivanov, Jordan"]
[Result "1/2-1/2"]
[WhiteElo "2358"]
[BlackElo "2359"]
[PlyCount "32"]
[EventDate "2012.08.25"]
[EventRounds "9"]
[EventCountry "ESP"]

1. d4 d5 2. c4 dxc4 3. e3 Nf6 4. Bxc4 e6 5. Nf3 c5 6. O-O Nc6 7. dxc5 Qxd1 8.
Rxd1 Bxc5 9. Nc3 Ke7 10. a3 a6 11. b4 Bd6 12. Bb2 b5 13. Bd3 Bb7 14. Ne4 Nxe4
15. Bxe4 f5 16. Bd3 Rhg8 1/2-1/2

[Event "XXIX CIUTAT DE CULLERA - VI Magistral"]
[Site "Cullera"]
[Date "2012.08.30"]
[Round "8"]
[White "Alcaraz Ortega, Javier"]
[Black "Camarena Gimenez, Rufino"]
[Result "1/2-1/2"]
[WhiteElo "2331"]
[BlackElo "2396"]
[PlyCount "45"]
[EventDate "2012.08.25"]
[EventRounds "9"]
[EventCountry "ESP"]

1. d4 Nf6 2. c4 e6 3. Nf3 b6 4. Nc3 Bb7 5. a3 d5 6. Qa4+ Qd7 7. Qxd7+ Nbxd7 8.
cxd5 Nxd5 9. Bd2 Be7 10. e3 Nxc3 11. Bxc3 O-O 12. Bd3 c5 13. Ke2 cxd4 14. Bxd4
Bf6 15. Bxf6 gxf6 16. Rac1 Rac8 17. Rhd1 Rxc1 18. Rxc1 Rc8 19. Rxc8+ Bxc8 20.
b4 Bb7 21. Kd2 Ne5 22. Nxe5 fxe5 23. f3 1/2-1/2

[Event "XXIX CIUTAT DE CULLERA - VI Magistral"]
[Site "Cullera"]
[Date "2012.08.30"]
[Round "8"]
[White "Cruz Lledo, Pablo"]
[Black "Navarrete Espi, Samuel"]
[Result "1/2-1/2"]
[WhiteElo "2303"]
[BlackElo "2176"]
[PlyCount "33"]
[EventDate "2012.08.25"]
[EventRounds "9"]
[EventCountry "ESP"]

1. d4 Nf6 2. c4 g6 3. Nc3 Bg7 4. e4 d6 5. f3 O-O 6. Nge2 Nc6 7. Be3 a6 8. Qd2
Rb8 9. Rc1 Bd7 10. Nd1 b5 11. c5 e6 12. g3 Ne7 13. Bg2 b4 14. Nf2 Bb5 15. O-O
Nd7 16. cxd6 cxd6 17. f4 1/2-1/2

[Event "XXIX CIUTAT DE CULLERA - VI Magistral"]
[Site "Cullera"]
[Date "2012.08.31"]
[Round "9"]
[White "Navarrete Espi, Samuel"]
[Black "Montoliu Cervero, Francisco"]
[Result "1-0"]
[WhiteElo "2176"]
[BlackElo "2270"]
[PlyCount "59"]
[EventDate "2012.08.25"]
[EventRounds "9"]
[EventCountry "ESP"]

1. e4 c5 2. Nf3 d6 3. d4 cxd4 4. Nxd4 Nf6 5. Nc3 a6 6. Be3 e6 7. f3 b5 8. Qd2
b4 9. Na4 Nbd7 10. O-O-O Qa5 11. b3 Bb7 12. Kb1 Nc5 13. a3 Nxa4 14. axb4 Qc7
15. bxa4 Nd7 16. a5 d5 17. Bf4 e5 18. Bg3 Qc8 19. exd5 exd4 20. Qxd4 Be7 21.
Qxg7 Bf6 22. Re1+ Kd8 23. Bh4 Qc3 24. Qxh8+ Kc7 25. Bg3+ Ne5 26. Bxe5+ Qxe5 27.
Rxe5 Rxh8 28. Rf5 Bc3 29. Rxf7+ Kb8 30. Bc4 1-0

[Event "XXIX CIUTAT DE CULLERA - VI Magistral"]
[Site "Cullera"]
[Date "2012.08.31"]
[Round "9"]
[White "Camarena Gimenez, Rufino"]
[Black "Cruz Lledo, Pablo"]
[Result "1-0"]
[WhiteElo "2396"]
[BlackElo "2303"]
[PlyCount "105"]
[EventDate "2012.08.25"]
[EventRounds "9"]
[EventCountry "ESP"]

1. d4 d5 2. c4 c6 3. Nf3 Nf6 4. e3 g6 5. Be2 Bg7 6. O-O O-O 7. Nc3 a6 8. Qb3
dxc4 9. Bxc4 b5 10. Be2 a5 11. Bd2 Bf5 12. Rfc1 Nbd7 13. Qd1 e5 14. Nxe5 Nxe5
15. dxe5 Ne4 16. Nxe4 Bxe4 17. Bc3 Qg5 18. Qf1 f6 19. exf6 Bxf6 20. Bxf6 Rxf6
21. a4 b4 22. Rc4 Bd5 23. Rd4 Re8 24. h4 Qe5 25. Bc4 Ref8 26. Bxd5+ cxd5 27.
Rd2 Qe4 28. g3 Rf3 29. Qg2 b3 30. Rf1 Kg7 31. Rd4 Qc2 32. Rxd5 Qxb2 33. Rxa5
Qa2 34. Ra7+ Kh8 35. a5 b2 36. Rb7 Rxf2 37. Rxf2 Rxf2 38. Qxf2 b1=Q+ 39. Rxb1
Qxb1+ 40. Kh2 Kg7 41. Qd2 Qf1 42. e4 Qb5 43. Qa2 Qe5 44. a6 g5 45. hxg5 Qxe4
46. a7 Qa8 47. Qb2+ Kg6 48. Qb8 Qf3 49. Qg8+ Kh5 50. Qxh7+ Kxg5 51. Qg8+ Kh6
52. Qh8+ Kg5 53. a8=Q 1-0

[Event "XXIX CIUTAT DE CULLERA - VI Magistral"]
[Site "Cullera"]
[Date "2012.08.31"]
[Round "9"]
[White "Iagar, Razvan-Gabriel"]
[Black "Navarro, Ortiz De Orruno Borj"]
[Result "1/2-1/2"]
[WhiteElo "2152"]
[BlackElo "2358"]
[PlyCount "40"]
[EventDate "2012.08.25"]
[EventRounds "9"]
[EventCountry "ESP"]

1. d4 d5 2. c4 c6 3. Nf3 Nf6 4. Nc3 dxc4 5. a4 Bf5 6. e3 e6 7. Bxc4 Bb4 8. O-O
O-O 9. Qb3 Qe7 10. a5 c5 11. dxc5 Bxc5 12. Na4 Bd6 13. Bd2 Nc6 14. Rfc1 Rab8
15. Bd3 Ne4 16. Be1 Rfd8 17. Qc2 Ng5 18. Bxf5 Nxf3+ 19. gxf3 exf5 20. Qxf5 Ne5
1/2-1/2

[Event "XXIX CIUTAT DE CULLERA - VI Magistral"]
[Site "Cullera"]
[Date "2012.08.31"]
[Round "9"]
[White "Garcia, Jhoel"]
[Black "Kovacevic, Slobodan"]
[Result "1-0"]
[WhiteElo "2365"]
[BlackElo "2300"]
[PlyCount "113"]
[EventDate "2012.08.25"]
[EventRounds "9"]
[EventCountry "ESP"]

1. c4 c5 2. Nf3 Nf6 3. g3 b6 4. Bg2 Bb7 5. O-O e6 6. Nc3 d6 7. b3 a6 8. Bb2 Be7
9. e3 Nbd7 10. d4 cxd4 11. Nxd4 Bxg2 12. Kxg2 Rc8 13. Rc1 O-O 14. Qe2 Qc7 15.
Rfd1 Nc5 16. Kg1 Rfe8 17. Qf3 Nfd7 18. Ne4 Nxe4 19. Qxe4 Nf6 20. Qg2 Nd7 21. h4
Nf6 22. Rd2 Ng4 23. Rcd1 Red8 24. Ne2 b5 25. Rc1 b4 26. Rcd1 Nf6 27. Nf4 Nd7
28. Nd3 Rb8 29. Qe4 a5 30. Qg4 Bf6 31. Bxf6 Nxf6 32. Qf3 Ne8 33. Nf4 Rdc8 34.
Ne2 Qc5 35. Nd4 Rc7 36. Nb5 Rd7 37. Rd4 Rbd8 38. e4 h6 39. Qe3 Nf6 40. Nxd6 e5
41. R4d2 Qxe3 42. fxe3 Ng4 43. Rd3 Nxe3 44. Rxe3 Rxd6 45. Rxd6 Rxd6 46. Kf2
Rd2+ 47. Re2 Rd3 48. Rc2 Kf8 49. c5 Ke8 50. c6 Kd8 51. Rc5 a4 52. Rd5+ Rxd5 53.
exd5 axb3 54. axb3 f5 55. h5 Kc7 56. Ke3 Kd6 57. Kd3 1-0